MARC

LEADER 00000nam0a2200000 4500
001 259095
005 20231101233345.0
010 |a 5120092985 
035 |a (RuTPU)RU\TPU\book\282004 
090 |a 259095 
100 |a 20140505d1988 k y0rusy50 ca 
101 0 |a rus 
102 |a UA 
105 |a a z 001zy 
200 1 |a Численное решение задач статики гибких слоистых оболочек с переменными параметрами  |f Я. М. Григоренко, Н. Н. Крюков  |g Академия наук Украинской ССР (АН УССР), Институт механики 
210 |a Киев  |c Наукова думка  |d 1988 
215 |a 264 с.  |c ил. 
320 |a Библиогр.: с. 251-259. 
606 1 |a Оболочки  |x Динамический расчет  |2 stltpush  |3 (RuTPU)RU\TPU\subj\46485  |9 65625 
610 1 |a численное решение 
610 1 |a задачи 
610 1 |a гибкие оболочки 
610 1 |a статика 
610 1 |a переменные параметры 
675 |a 539.3:51  |v 3 
700 1 |a Григоренко  |b Я. М.  |g Ярослав Михайлович 
701 1 |a Крюков  |b Н. Н.  |g Николай Николаевич 
712 0 2 |a Академия наук Украинской ССР (АН УССР)  |b Институт механики  |c (Киев)  |c (1959-1991)  |2 stltpush  |3 (RuTPU)RU\TPU\col\1205 
801 1 |a RU  |b 63413507  |c 20140505 
801 2 |a RU  |b 63413507  |c 20150126  |g RCR 
942 |c BK